| 000 | 01264nam a22003377a 4500 | ||
|---|---|---|---|
| 003 | CHAP | ||
| 005 | 20220329143158.0 | ||
| 008 | 061113d2005 mx r 00110 spa d | ||
| 010 | _a92980 | ||
| 011 | _a93952 | ||
| 035 | _a104535 | ||
| 040 | _cCHAP | ||
| 082 | 0 | 4 |
_a338.972 _bR45 |
| 100 | 1 |
_aReygadas Robles Gil, Rafaél _ecoord. _997039 |
|
| 245 | 1 | 0 |
_aHorizontes de desarrollo local : _baportes de las organizaciones civiles en México _c/coord. por Rafaél Reygadas Robles Gil y Carlos Zarco Mera |
| 260 |
_aMéxico, D. F. : _bConsejo de Educación de Adultos en América Latina A.C., _c2005. |
||
| 300 | _a407 p. | ||
| 590 |
_aBATCH-UPD _b10 _c20130110 _lUCH01 _h0957 |
||
| 590 |
_aBATCH-UPD _b10 _c20130410 _lUCH01 _h0609 |
||
| 590 |
_aBATCH-UPD _b10 _c20130914 _lUCH01 _h1145 |
||
| 590 |
_aCONVERSION _b10 _c20130109 _lUCH01 _h1351 |
||
| 650 | 0 | 4 |
_aDesarrollo de la comunidad _zMéxico. _931984 |
| 650 | 1 | 4 |
_aDesarrollo rural. _932067 |
| 650 | 1 | 4 |
_aDesarrollo sustentable _xMéxico. _932090 |
| 700 | 1 |
_aZarco Mera, Carlos _ecoord. _9123710 |
|
| 901 | _aBK | ||
| 905 | _aLilia | ||
| 942 | _cLIBRO | ||
| 949 |
_a338.972 R45 _bBC _cLIBRO _d33724002000637 _eLIBRO _h108388 _i104535 _sb |
||
| 949 |
_a338.972 R45 _bBC _cLIBRO _d33724002000678 _eLIBRO _fc.2 _h108389 _i104535 _si |
||
| 999 |
_c92980 _d92980 |
||